El día en que murió Guernica / (Record no. 135000)

MARC details
000 -LEADER
campo de control de longitud fija 00845nam a2200253 i 4500
001 - NÚMERO DE CONTROL
campo de control 135000
003 - IDENTIFICADOR DE NÚMERO DE CONTROL
campo de control ES-MaACL
005 - FECHA Y HORA DE LA ÚLTIMA TRANSACCIÓN
campo de control 20230906194803.0
007 - CAMPO FIJO DE DESCRIPCIÓN FÍSICA--INFORMACIÓN GENERAL
campo de control de longitud fija t|
008 - DATOS DE LONGITUD FIJA--INFORMACIÓN GENERAL
campo de control de longitud fija 070705s1977 sp ||||1| spa d
080 ## - NÚMERO DE LA CLASIFICACIÓN DECIMAL UNIVERSAL
Número de la Clasificación Decimal Universal 946.61 Guernica "1937"
080 ## - NÚMERO DE LA CLASIFICACIÓN DECIMAL UNIVERSAL
Número de la Clasificación Decimal Universal 946"1936/39"
100 1# - ENTRADA PRINCIPAL--NOMBRE DE PERSONA
Nombre de persona Thomas, Gordon.
9 (RLIN) 110014
245 13 - MENCIÓN DEL TÍTULO
Título El día en que murió Guernica /
Mención de responsabilidad, etc. Gordon Thomas y Max Morgan-Witts ; [traducción del inglés de José Mª Martínez Monasterio].
250 ## - MENCION DE EDICION
Mención de edición [1ª ed.].
260 ## - PUBLICACIÓN, DISTRIBUCIÓN, ETC.
Lugar de publicación, distribución, etc. [Barcelona] :
Nombre del editor, distribuidor, etc. Plaza & Janés,
Fecha de publicación, distribución, etc. [1977]
300 ## - DESCRIPCIÓN FÍSICA
Extensión 310 p. ;
Dimensiones 18 cm.
650 14 - PUNTO DE ACCESO ADICIONAL DE MATERIA--TÉRMINO DE MATERIA
Término de materia o nombre geográfico como elemento de entrada Bombardeos-
Subdivisión geográfica España-
Subdivisión cronológica 1936-39.
9 (RLIN) 10604
651 #4 - PUNTO DE ACCESO ADICIONAL DE MATERIA--NOMBRE GEOGRÁFICO
Nombre geográfico Gernika-Lumo-
Subdivisión general Historia-
Subdivisión cronológica 1937, Bombardeo.
9 (RLIN) 161219
700 1# - ENTRADA AGREGADA--NOMBRE PERSONAL
Nombre de persona Morgan-Witts, Max.
9 (RLIN) 83528
700 1# - ENTRADA AGREGADA--NOMBRE PERSONAL
Nombre de persona Martínez Monasterio, José M.
9 (RLIN) 183600
852 ## - LOCALIZACIÓN
Ubicación ES-MaACL
Número de control de estantería A-6822
Holdings
Estatus retirado Estado de pérdida Estado de daño No para préstamo Biblioteca de origen Biblioteca actual Ubicación en estantería Fecha de adquisición Fuente de adquisición Total de préstamos Signatura topográfica completa Código de barras Visto por última vez Precio de reemplazo Tipo de ítem Koha
        Biblioteca del Ateneo de Madrid Biblioteca del Ateneo de Madrid Sala Pecera Planta 1 17/01/2008     A-6822 1140516 23/02/2023 23/02/2023 Libro impreso